Účtovníctvo podnikateľov

Bibliographic Details
Main Authors: Látečková, Anna, 1965- (Author), Košovská, Iveta, 1974- (Author), Škorecová, Emília, 1953- (Author)
Format: Book
Language:Slovak
PhysicalDescription:246 s. tab. 30 cm
Published: Nitra Slovenská poľnohospodárska univerzita 2012
ISBN:9788055209005
Edition:1. vyd.
Subjects:

MARC

LEADER 00000cam a2200000 a 4500
001 vtls010482682
003 SK-MaSNL
005 20260301085741.0
008 240318s2012 xo 000 0 slo
015 |a NBA2013 
020 |a 9788055209005  |q (brož.) 
035 |a 01812BD2-6132-4184-8A6E-637B1E3CACAE 
035 |a urn:nbn:sk:snk-amk0a1 
035 |a urn:nbn:sk:snk-am0087vr 
040 |a SNK  |b slo  |c SNK  |e AACR2 
041 0 |a slo 
044 |a xo  |c SK 
072 7 |a 657  |x Účtovníctvo  |2 konspekt 
072 7 |a 658  |x Riadenie a správa podniku  |2 konspekt 
072 7 |a 37.016  |x Učebné osnovy. Vyučovacie predmety. Učebnice  |2 konspekt  |2 konspekt 
080 |a 657  |2 2001 
080 |a 658.114  |2 2001 
080 |a (075.8)  |2 2001 
100 1 |a Látečková, Anna,  |d 1965-  |4 aut  |9 188597 
245 1 0 |a Účtovníctvo podnikateľov  |c Anna Látečková, Iveta Košovská, Emília Škorecová 
250 |a 1. vyd. 
260 |a Nitra  |b Slovenská poľnohospodárska univerzita  |c 2012 
300 |a 246 s.  |b tab.  |c 30 cm 
366 |e 500 výt. 
504 |a Bibliogr. s. 246 
650 0 7 |a účtovníctvo  |2 SNKPH  |9 649 
650 0 7 |a podnikanie  |2 SNKPH  |9 1757 
650 0 7 |a podnikový manažment  |2 SNKPH  |9 3483 
650 0 7 |a Accounting  |2 SNKPHeng  |9 266872 
650 0 7 |a Business  |2 SNKPHeng  |9 268171 
650 0 7 |a Industrial management  |2 SNKPHeng  |9 265455 
655 7 |a učebnice vysokých škôl  |2 SNKPH  |9 70191 
655 7 |a Textbooks (higher)  |2 SNKPHeng  |9 276436 
700 1 |a Košovská, Iveta,  |d 1974-  |4 aut  |9 102457 
700 1 |a Škorecová, Emília,  |d 1953-  |4 aut  |9 188598 
710 2 |a Slovenská poľnohospodárska univerzita v Nitre.  |b Fakulta ekonomiky a manažmentu.  |b Katedra informačných systémov  |4 pbl  |9 177544 
852 |a Štátna vedecká knižnica v Banskej Bystrici 
919 |a 978-80-552-0900-5 
958 |a NB 
999 |c 666552  |d 668482 
952 |a SNK  |b SNK  |y PREZ  |7 0  |p 17A1060273  |o snkSB 84345  |i snk2013/844  |8 0  |0 0  |1 0  |4 0  |d 2013-01-14  |f 1  |l 0  |r 2025-05-06 00:00:00  |w 2026-02-23 
952 |a SNK  |b SNK  |y VYP  |7 0  |p 17A1060272  |o snkSB 84345 D1  |i snk2013/845  |8 0  |0 0  |1 0  |4 0  |d 2013-01-14  |l 0  |r 2016-06-30 00:00:00  |w 2026-02-23